000
00326nam a2200145Ia 4500
003
OSt
008
191201s2004 xx 000 0 und d
082
_a
510.76
_b
AGO
100
_a
AGGARWAL, R.S.
245
0
_a
Objective Arithmetic
260
_a
New Delhi
_b
S. Chand
_c
2004
300
_a
594
650
_a
Applied
942
_2
ddc
_c
BK
999
_c
358
_d
358